| 000 | 00599nam a2200181 i 4500 | ||
|---|---|---|---|
| 001 | 128021 | ||
| 003 | ES-MaACL | ||
| 005 | 20230906193136.0 | ||
| 007 | t| | ||
| 008 | 070214s1926 fr |||| | fre d | ||
| 100 | 1 |
_aRivers, W. H. R. _997716 |
|
| 245 | 1 | 2 |
_aL'instinct et l'inconscient _b: contribution áa une théorie biologique des psychonévroses / _cpar W.H.R. Rivers ; traduit de l'anglais par René Lacroze. |
| 260 |
_aParis : _bFélix Alcan, _c1926. |
||
| 300 |
_aXIV, 324 p. ; _c22 cm. |
||
| 650 | 0 | 4 |
_aNeurosis. _915534 |
| 700 | 1 |
_aLacroze, René. _969409 |
|
| 852 |
_aES-MaACL _jB-5951 |
||
| 999 |
_c128021 _d128021 |
||